El castigo de la calumnia: Compilación de las principales piezas de los procesos de imprenta promovidos contra el diario El Ferrocarril i los periódicos La Linterna del diablo i El CHarivari por B. Vicuña Mackenna, ex agente confidencial de Chile en los Estados Unidos de Norteamérica, en los días 12, 14 y 16 de septiembre de 1868. Piezas acusadas, escritos de acusación. Documentos judiciales. Actas de sorteo, discursos, veredictos. Actas i todos jéneros de piezas justificativas

Guardat en:
Dades bibliogràfiques
Autor principal: Vicuña Mackenna, Benjamín, 1831-1886 (Autor)
Format: Llibre
Idioma:espanyol
Publicat: Santiago Imprenta de La República, calle de Teatinos, N§ 39 1868
Edició:1a. ed
Matèries:
Etiquetes: Afegir etiqueta
Sense etiquetes, Sigues el primer a etiquetar aquest registre!

MARC

LEADER 00000nam a2200000 a 4500
001 UCJ3187
003 CL-VaPUC
008 070124e18680000CL |||||||||||||||||spa|d
082 0 4 |a 983  |b VIC  |2 21 
100 |a Vicuña Mackenna, Benjamín,  |d 1831-1886  |x Político e historiador   |z Chile   |e author  |9 374 
245 1 3 |a El castigo de la calumnia: Compilación de las principales piezas de los procesos de imprenta promovidos contra el diario El Ferrocarril i los periódicos La Linterna del diablo i El CHarivari por B. Vicuña Mackenna, ex agente confidencial de Chile en los Estados Unidos de Norteamérica, en los días 12, 14 y 16 de septiembre de 1868. Piezas acusadas, escritos de acusación. Documentos judiciales. Actas de sorteo, discursos, veredictos. Actas i todos jéneros de piezas justificativas 
246 1 3 |a La calumnia. Discurso pronunciado por el diputado por Valdivia Don Benjamín Vicuña Mackenna en la Sesión celebrada por la Cámara de Diputados el 5 de setiembre de 1868 
250 |a 1a. ed 
300 |a 140 p 
942 |c BK 
945 |d 20070124 00:00:00  |a rinostro 
260 |a Santiago  |b Imprenta de La República, calle de Teatinos, N§ 39  |c 1868 
500 |a Advierte errata. La copia 1 se encuentra empastada en forma separada e incluye el discurso 'La Calumnia'; la copia 2, que no incluye dicho discurso, se encuentra empastada junto a una monografía sobre el Cerro Santa Lucía, de Santiago, en un volumen rotulado, borrosamente, Vicuña, Obras, 983.08 VIC. Benelli, Bibliografia, N§ 43 
600 0 7 |a GODOI, JOSE FRANCISCO  |2 CL-VaPUC  |9 504833 
600 0 7 |a CERDA, RAMON  |2 CL-VaPUC  |9 504834 
650 0 |a Periodismo   |9 310113 
650 7 |a SATIRAS POLITICAS  |2 CL-VaPUC  |9 504835 
650 7 |a DISCURSOS PARLAMENTARIOS  |2 CL-VaPUC  |9 504230 
650 0 |a Libertad de prensa  |9 255610 
650 7 |a JUICIOS POR DIFAMACION  |2 CL-VaPUC  |9 504836 
650 0 |a Apologías   |9 504837 
583 |a last modification  |c 20070124 00:00:00  |k Rodrigo Vera 
999 |c 319309  |d 319307 
952 |0 0  |1 0  |4 0  |6 983_000000000000000_VIC_1868  |7 0  |8 X  |9 397604  |a FDOBUD  |b FDOBUD  |d 2019-11-22  |i 1000586  |o 983 VIC 1868  |p 1000586  |r 2019-11-22  |w 2019-11-22  |y BK_X  |k BUD 
952 |0 0  |1 0  |4 0  |6 983_000000000000000_VIC_1868  |7 0  |8 X  |9 397605  |a FDOBUD  |b FDOBUD  |d 2019-11-22  |i 1020072  |o 983 VIC 1868  |p 1020072  |r 2019-11-22  |w 2019-11-22  |y BK_X  |k BUD